Manuring of coffee cocoa tea and tobacco (Record no. 20265)

MARC details
000 -LEADER
fixed length control field 00385nam a2200145Ia 4500
082 ## - DEWEY DECIMAL CLASSIFICATION NUMBER
Classification number 632.931.1:631.8:633.7
Item number DIE
100 ## - MAIN ENTRY--AUTHOR NAME
Personal name DIERENDONCK, F J E Van
245 #0 - TITLE STATEMENT
Title Manuring of coffee cocoa tea and tobacco
260 ## - PUBLICATION, DISTRIBUTION, ETC. (IMPRINT)
Place of publication Geneva
Name of publisher Centre d'Etude
Year of publication 1959
650 ## - SUBJECT ADDED ENTRY--TOPICAL TERM
Topical Term Cocoa
650 ## - SUBJECT ADDED ENTRY--TOPICAL TERM
Topical Term Coffee
650 ## - SUBJECT ADDED ENTRY--TOPICAL TERM
Topical Term Tea manuring
942 ## - ADDED ENTRY ELEMENTS (KOHA)
Koha item type Books
Holdings
Withdrawn status Lost status Damaged status Not for loan Home library Current library Date acquired Full call number Accession Number Koha item type
        RRII Library RRII Library 16/12/2021 632.931.1:631.8:633.7 DIE 00994 Books